000 01115cam a2200313 a 4500
001 17347278
003 OSt
005 20230206123718.0
008 120614s2013 maua b 001 0 eng
010 _a 2012023120
020 _a9780132678070
020 _a0132678071
040 _aDLC
_cDLC
_dDLC
042 _apcc
050 0 0 _aLB2805
_b.H69 2013
100 1 _aHoy, Anita Woolfolk,
_d1947-
245 1 0 _aInstructional leadership :
_ba research-based guide to learning in schools /
_cAnita Woolfolk Hoy, Wayne Kolter Hoy.
250 _a4th ed.
260 _aBoston :
_bPearson,
_c2013.
300 _axxii, 402 p. :
504 _aIncludes bibliographical references (p. 355-390) and index.
650 0 _aEducational leadership
_vHandbooks, manuals, etc.
650 0 _aTeaching
_vHandbooks, manuals, etc.
650 0 _aLearning
_vHandbooks, manuals, etc.
700 1 _aHoy, Wayne K.
906 _a7
_bcbc
_corignew
_d1
_eecip
_f20
_gy-gencatlg
942 _2lcc
_cBK
999 _c19934
_d19933